| 000 | 01661nam a22002297a 4500 | ||
|---|---|---|---|
| 003 | NALT | ||
| 005 | 20210712085921.0 | ||
| 008 | s2553 th ||||| |||| 00| 0 tha d | ||
| 020 | _a9786167273174 | ||
| 040 | _aNALT | ||
| 090 |
_aKU 16.1 _bว516ก 2553 |
||
| 100 | 0 | _aนนธนวนันพ์ ตั้งตรงจิตต์, บรรณาธิการ | |
| 110 | 2 |
_953839 _aสถาบันวิจัยมหาวิทยาลัยรามคำแหง |
|
| 245 | 1 | 0 |
_aการประเมินผลโครงการนำร่องเพื่อเสริมสร้างกระบวนการปฏิบัติงานและเพิ่มศักยภาพอาสาสมัครไกล่เกลี่ยข้อพิพาทในชุมชน (อ.ก.ช.) / _hสถาบันวิจัยมหาวิทยาลัยรามคำแหง ; นนธนวนันพ์ ตั้งตรงจิตต์, บรรณาธิการ. |
| 260 |
_aกรุงเทพฯ : _bสำนักระงับข้อพิพาท สำนักงานศาลยุติธรรม, _c2553. |
||
| 300 |
_a196 หน้า : _bภาพประกอบ, ตาราง ; _c29 ซม. |
||
| 650 | 4 |
_aอาสาสมัครไกล่เกลี่ยข้อพิพาท _953840 _xโครงการ _xวิจัย |
|
| 700 | 0 |
_918007 _aนนธนวนันพ์ ตั้งตรงจิตต์ |
|
| 850 | _aNALT | ||
| 942 |
_cRSH _2local |
||
| 998 |
_bชวนพิชญ์ รัตนาไพบูลย์ _bphon _j104 _k สายฝน ดีงาม |
||
| 999 |
_c63597 _d63597 |
||